000 00646nam a2200241 a 4500
001 0001-1231
003 ELIB.Books
008 150529 2010 eng
020 _a13: 9780521820099
035 _a(ELIB.Books)0001-1386
092 _a492.4
_bArn
100 _aArnold, Bill T.
245 _aA Guide to Biblical Hebrew Syntax
260 _aCambridge
_bCambridge University Press
_c2006
300 _a228
_c21.5 Cm
500 _aC/o Moe Lwei
650 _aHebrew Language
856 _nKBTS: Library
_uKBTS: Elib
942 _2ddc
_cBK
990 _a1
998 _cbat
_e2015-05-29
_mcat
_u2018-11-19
999 _c11231
_d11231